<?xml version="1.0" encoding="UTF-8"?>
<record
    xmlns:xsi="http://www.w3.org/2001/XMLSchema-instance"
    xsi:schemaLocation="http://www.loc.gov/MARC21/slim http://www.loc.gov/standards/marcxml/schema/MARC21slim.xsd"
    xmlns="http://www.loc.gov/MARC21/slim">

  <leader>01773nam a22003378i 4500</leader>
  <datafield tag="999" ind1=" " ind2=" ">
    <subfield code="c">29331</subfield>
    <subfield code="d">29302</subfield>
  </datafield>
  <controlfield tag="001">020183354</controlfield>
  <controlfield tag="003">EG-ScBUE</controlfield>
  <controlfield tag="005">20210808110601.0</controlfield>
  <controlfield tag="006">m||||fo||d  ||||||</controlfield>
  <controlfield tag="007">cr unu---uuuuu</controlfield>
  <controlfield tag="008">210429s2021    enk    fo     000 0 eng d</controlfield>
  <datafield tag="020" ind1=" " ind2=" ">
    <subfield code="a">9781789909159 (PDF ebook)</subfield>
  </datafield>
  <datafield tag="040" ind1=" " ind2=" ">
    <subfield code="a">StDuBDS</subfield>
    <subfield code="b">eng</subfield>
    <subfield code="e">rda</subfield>
    <subfield code="c">StDuBDS</subfield>
    <subfield code="d">EG-ScBUE</subfield>
  </datafield>
  <datafield tag="082" ind1="0" ind2="4">
    <subfield code="a">325.1</subfield>
    <subfield code="b">DIG</subfield>
    <subfield code="2">22</subfield>
  </datafield>
  <datafield tag="245" ind1="0" ind2="0">
    <subfield code="a">Digital identity, virtual borders and social media :</subfield>
    <subfield code="b">a panacea for migration governance?</subfield>
    <subfield code="h">[electronic resourse] /</subfield>
    <subfield code="c">edited by Emre E. Korkmaz, Oxford Department of International Development, University of Oxford, UK.</subfield>
  </datafield>
  <datafield tag="264" ind1=" " ind2="1">
    <subfield code="a">Cheltenham :</subfield>
    <subfield code="b">Edward Elgar Publishing,</subfield>
    <subfield code="c">2021.</subfield>
  </datafield>
  <datafield tag="300" ind1=" " ind2=" ">
    <subfield code="a">1 online resource</subfield>
  </datafield>
  <datafield tag="336" ind1=" " ind2=" ">
    <subfield code="a">text</subfield>
    <subfield code="2">rdacontent</subfield>
    <subfield code="b">txt</subfield>
  </datafield>
  <datafield tag="337" ind1=" " ind2=" ">
    <subfield code="a">computer</subfield>
    <subfield code="2">rdamedia</subfield>
    <subfield code="b">c</subfield>
  </datafield>
  <datafield tag="338" ind1=" " ind2=" ">
    <subfield code="a">online resource</subfield>
    <subfield code="2">rdacarrier</subfield>
    <subfield code="b">cr</subfield>
  </datafield>
  <datafield tag="588" ind1=" " ind2=" ">
    <subfield code="6">Description based on print version record and CIP data provided by publisher.</subfield>
  </datafield>
  <datafield tag="650" ind1=" " ind2="7">
    <subfield code="a">Emigration and immigration</subfield>
    <subfield code="x">Government policy.</subfield>
    <subfield code="2">BUEsh</subfield>
  </datafield>
  <datafield tag="650" ind1=" " ind2="7">
    <subfield code="a">Immigrants</subfield>
    <subfield code="x">Effect of technological innovations on.</subfield>
    <subfield code="2">BUEsh</subfield>
  </datafield>
  <datafield tag="650" ind1=" " ind2="7">
    <subfield code="a">Technological innovations</subfield>
    <subfield code="x">Social aspects.</subfield>
    <subfield code="2">BUEsh</subfield>
  </datafield>
  <datafield tag="653" ind1=" " ind2=" ">
    <subfield code="b">BUSBOL</subfield>
    <subfield code="c">August2021</subfield>
  </datafield>
  <datafield tag="655" ind1=" " ind2=" ">
    <subfield code="v">Reading book</subfield>
    <subfield code="9">34232</subfield>
  </datafield>
  <datafield tag="700" ind1="1" ind2=" ">
    <subfield code="a">Korkmaz, Emre E.,</subfield>
    <subfield code="e">editor.</subfield>
  </datafield>
  <datafield tag="776" ind1="0" ind2="8">
    <subfield code="i">Print version :</subfield>
    <subfield code="t">Digital identity, virtual borders and social media : a panacea for migration governance?.</subfield>
    <subfield code="d">Cheltenham : Edward Elgar Publishing, 2021.</subfield>
    <subfield code="z">9781789909142</subfield>
    <subfield code="w">(DLC) 1242796747</subfield>
    <subfield code="a">author.</subfield>
  </datafield>
  <datafield tag="856" ind1="4" ind2="0">
    <subfield code="u">https://ezproxy.bue.edu.eg/login?url=http://search.ebscohost.com/login.aspx?direct=true&amp;db=nlebk&amp;AN=2917100&amp;site=eds-live&amp;ebv=EB&amp;ppid=pp_Cover</subfield>
    <subfield code="y">https://ezproxy.bue.edu.eg/login?url=http://search.ebscohost.com/login.aspx?direct=true&amp;db=nlebk&amp;AN=2917100&amp;site=eds-live&amp;ebv=EB&amp;ppid=pp_Cover</subfield>
  </datafield>
  <datafield tag="942" ind1=" " ind2=" ">
    <subfield code="2">ddc</subfield>
    <subfield code="c">BB</subfield>
  </datafield>
  <datafield tag="952" ind1=" " ind2=" ">
    <subfield code="0">0</subfield>
    <subfield code="1">0</subfield>
    <subfield code="2">ddc</subfield>
    <subfield code="4">0</subfield>
    <subfield code="7">0</subfield>
    <subfield code="a">MAIN</subfield>
    <subfield code="b">MAIN</subfield>
    <subfield code="c">1ST</subfield>
    <subfield code="d">2021-08-08</subfield>
    <subfield code="l">0</subfield>
    <subfield code="o">325.1 DIG</subfield>
    <subfield code="r">2021-08-08 00:00:00</subfield>
    <subfield code="u">https://ezproxy.bue.edu.eg/login?url=http://search.ebscohost.com/login.aspx?direct=true&amp;db=nlebk&amp;AN=2917100&amp;site=eds-live&amp;ebv=EB&amp;ppid=pp_Cover</subfield>
    <subfield code="w">2021-08-08</subfield>
    <subfield code="y">BB</subfield>
  </datafield>
</record>
